000 01170nam a22002537a 4500
005 20240305165544.0
007 cr|||| ||||
008 200422s2019 es |||||s|||| 00||0 spa d
020 _a978-84-1324-436-5
035 _a31406
040 _avLex
090 _c10321
_d10321
100 1 _aGarcía González, Guillermo
245 1 0 _aRelaciones contractuales en la economía colaborativa y en la sociedad digital
_h[Recurso electrónico] /
_cGuillermo García González, Maria Regina Redinha
256 _aServicio en línea
260 _aMadrid:
_bDykinson,
_c2019
300 _a1 recurso electrónico
506 1 _aDisponible solo en los productos indicados
_dvLex Global
_dvLex Global (Academic Edition, excluding Law Schools)
_dvLex Global (U.S. Academic Edition, Law Schools)
_dvLex Global (U.S. Academic Edition, excluding Law Schools)
_dvLex Global (Academic Edition, Law Schools)
650 0 4 _aDerecho Laboral y Seguridad Social
_zEspaña
700 1 _aRegina Redinha, Maria
740 0 _avLex Libros (Servicio en línea)
856 4 0 _uhttps://app.vlex.com/#/sources/relaciones-contractuales-economia-colaborativa-sociedad-digital-31406
942 _cRAA
999 _c168557
_d168557